ARRUPE JESUIT UNIVERSITY

CORONAVIRUS -STOP THE SPREAD - CLEAN,DISINFECT,COVER

The culture of politics in modern Kenya / (Record no. 118859)

MARC details
000 -LEADER
fixed length control field 01490cam a2200361 a 4500
001 - CONTROL NUMBER
control field 3960182
003 - CONTROL NUMBER IDENTIFIER
control field ARRUPE
005 - DATE AND TIME OF LATEST TRANSACTION
control field 20140122020008.0
008 - FIXED-LENGTH DATA ELEMENTS--GENERAL INFORMATION
fixed length control field 940606s1995 enkab b 001 0 eng
010 ## - LIBRARY OF CONGRESS CONTROL NUMBER
LC control number 94019810
020 ## - INTERNATIONAL STANDARD BOOK NUMBER
International Standard Book Number 0521470595
040 ## - CATALOGING SOURCE
Original cataloging agency DLC
Transcribing agency DLC
Modifying agency DLC
043 ## - GEOGRAPHIC AREA CODE
Geographic area code f-ke---
050 00 - LIBRARY OF CONGRESS CALL NUMBER
Classification number JQ2947.A2
Item number H38 1995
082 00 - DEWEY DECIMAL CLASSIFICATION NUMBER
Classification number 320.96762
Edition number 20
300 ## - PHYSICAL DESCRIPTION
Other physical details ill., maps ;
Dimensions 24 cm.
100 1# - MAIN ENTRY--PERSONAL NAME
Personal name Haugerud, Angelique,
Dates associated with a name 1952-
9 (RLIN) 4438
245 14 - TITLE STATEMENT
Title The culture of politics in modern Kenya /
Statement of responsibility, etc Angelique Haugerud.
260 ## - PUBLICATION, DISTRIBUTION, ETC. (IMPRINT)
Place of publication, distribution, etc Cambridge ;
-- New York :
Name of publisher, distributor, etc Cambridge University Press,
Date of publication, distribution, etc 1995.
300 ## - PHYSICAL DESCRIPTION
Extent xvi, 266 p. :
440 #0 - SERIES STATEMENT/ADDED ENTRY--TITLE
Title African studies series ;
Volume number/sequential designation 84
9 (RLIN) 4439
504 ## - BIBLIOGRAPHY, ETC. NOTE
Bibliography, etc Includes bibliographical references (p. 238-257) and index.
650 #0 - SUBJECT ADDED ENTRY--TOPICAL TERM
Topical term or geographic name as entry element Political culture
Geographic subdivision Kenya.
9 (RLIN) 4440
651 #0 - SUBJECT ADDED ENTRY--GEOGRAPHIC NAME
Geographic name Kenya
General subdivision Politics and government
Chronological subdivision 1978-
9 (RLIN) 4441
651 #0 - SUBJECT ADDED ENTRY--GEOGRAPHIC NAME
Geographic name Kenya
General subdivision Economic conditions
Chronological subdivision 1963-
9 (RLIN) 4442
651 #0 - SUBJECT ADDED ENTRY--GEOGRAPHIC NAME
Geographic name Kenya
General subdivision Social conditions
Chronological subdivision 1963-
9 (RLIN) 4443
651 #0 - SUBJECT ADDED ENTRY--GEOGRAPHIC NAME
Geographic name Embu (Kenya : District)
General subdivision Economic conditions.
9 (RLIN) 4444
651 #0 - SUBJECT ADDED ENTRY--GEOGRAPHIC NAME
Geographic name Embu (Kenya : District)
General subdivision Social conditions.
9 (RLIN) 4445
856 42 - ELECTRONIC LOCATION AND ACCESS
Materials specified Publisher description
Uniform Resource Identifier <a href="http://www.loc.gov/catdir/description/cam026/94019810.html">http://www.loc.gov/catdir/description/cam026/94019810.html</a>
856 41 - ELECTRONIC LOCATION AND ACCESS
Materials specified Table of contents
Uniform Resource Identifier <a href="http://www.loc.gov/catdir/toc/cam022/94019810.html">http://www.loc.gov/catdir/toc/cam022/94019810.html</a>
906 ## - LOCAL DATA ELEMENT F, LDF (RLIN)
a 7
b cbc
c orignew
d 1
e ocip
f 19
g y-gencatlg
942 ## - ADDED ENTRY ELEMENTS (KOHA)
Source of classification or shelving scheme Library of Congress Classification
Koha item type Monograph ( Printed materials)
Koha issues (borrowed), all copies 1
Holdings
Withdrawn status Lost status Source of classification or shelving scheme Damaged status Not for loan Home library Current library Shelving location Date acquired Total Checkouts Full call number Barcode Date last seen Date checked out Price effective from Koha item type
    Library of Congress Classification     ARRUPE LIBRARY ARRUPE LIBRARY Main Collection 29/11/2013 3 JQ2947.A2 H38 1995 46410157 02/07/2018 24/10/2016 29/11/2013 Monograph ( Printed materials)

 

Arrupe Library. PO Box MP320 Mt Pleasant, Harare, Zimbabwe
263 242 745411|librarian@aju.ac.zw